=LDR 00000nam 2200000 4500 =001 INLIS000000000026874 =005 20130612125307 =008 ***********************************ind** =035 ##$$0010-061300000026874 =041 ##$$a ind =082 ##$$a 372.33 =090 ##$$a 372.33, SUP g =100 ##$$a Supriyanto, Joko =245 ##$$a Gembira berolahraga untuk SD dan MI, Joko Supriyanto; editor, Widiantoro =260 ##$$a 2007 $b Solo =300 ##$$a ...jil., ilus., 27 cm =650 ##$$a Olah raga =650 ##$$a Pendidikan =700 ##$$a Widiantoro =850 ##$$a NBPNMAT